Ponts célèbres en France - Mort Subite - Statistiques

Statistiques générales
  • Ce quiz a été pris 103 fois
  • Le résultat moyen est 8 sur 15
Answers on the Grid
Answers color-coded by a green-red scale on the quiz's grid according to % correct below.
Viadu de Millau
Pont du Gard
Pont de Normandie
Pont Neuf
Pont de l'île de Ré
Pont de Saint-Nazaire
Pont d'Aquitaine
Pont Gustave Flaubert
Pont transbordeur de Rochefort
Pont Alexandre III
Pont de Tancarville
Viaduc d'Oléron
Pont des Arts
Viaduc de Garabie
Pont de pierre
Pont de Villeneuve-le-Bas
Pont de Montaiguet
Pont de l’Oiseau de Feu (Réunion)
Pont de la Lune Rousse
Pont de la Haute-Varenne
Pont du Moulins-sur-Sarthe
Pont de la Rodilla
Pont des Mousquetons
Pont Guillaume Capet III
Pont Jacques Chirac
Viaduc de Kuala
Viaduc d'Alexandre Luxembourg
Ponts des Cordelières
Pont de Wintzheim-sur-Souffel
Pont N.Mantlo
 
Statistiques - réponses
Réponse % Correct
Pont Neuf
79%
Viadu de Millau
79%
Pont des Arts
76%
Pont du Gard
75%
Pont Alexandre III
70%
Pont de l'île de Ré
64%
Pont de Normandie
62%
Pont de Saint-Nazaire
55%
Pont de Tancarville
51%
Viaduc d'Oléron
46%
Pont d'Aquitaine
42%
Pont transbordeur de Rochefort
32%
Viaduc de Garabie
32%
Pont de pierre
27%
Pont Gustave Flaubert
17%
Aucun quiz correspondant
Distribution des résultats
% des personnes avec chaque résultat
Percentile par nombre de réponses
Votre historique - résultats
Vous n’avez pas pris ce quiz